000
00324nam a22001337a 4500
008
170927b xxu||||| |||| 00| 0 eng d
020
_a
9780130196187
041
_a
eng
080
_2
6TH
_a
37
100
_a
47
101
_a
EDU
245
_a
MULTICULTURAL EDUCATION IN A PLURALISTIC SOCIETY
_c
GOLLNICK,D.M
942
_2
udc
_c
BK
999
_c
30211
_d
30211